| 000 | 00354 a2200109 4500 | ||
|---|---|---|---|
| 001 | ART_3333 | ||
| 005 | 20260410161714.0 | ||
| 008 | 260409a | ||
| 245 | 1 | 0 | _aEl desarrollo reciente del mercado de capitales en la Argentina |
| 100 | 1 | _aFrenkel, Roberto | |
| 773 | 0 |
_tDesarrollo económico _g- Vol. 20, Nº 78 (jul./sep. 1980) _wREV1174 |
|
| 999 |
_c16335 _d16335 |
||